000 00263nam a2200109Ia 4500
008 190216s9999||||xx |||||||||||||| ||und||
100 _aGopinathan K
245 0 _aComputer Uyarthunna Preshnangal
260 _bVidyarthimithram
650 _aMalayalam
942 _cBK
999 _c26273
_d26273